Detalles MARC
| 000 -LIDER |
| fixed length control field |
01341nam a22003497a 4500 |
| 001 - NÚMERO DE CONTROL |
| Identificador de número de control |
00280 |
| 003 - IDENTIFICACDOR DE NÚMERO DE CONTROL |
| control field |
DO-SdBNP |
| 005 - DATE AND TIME OF LATEST TRANSACTION |
| control field |
20180312135426.0 |
| 007 - CAMPOS FIJOS DE DESCRIPCIÓN FÍSICA |
| fixed length control field |
00280 |
| 008 - ELEMENTOS DE LONGITUD FIJA |
| fixed length control field |
160427b dr 2004||||| |||| 00| 0 spa d |
| 020 ## - ISBN |
| International Standard Book Number |
9789993498698 (v. 4) |
| 040 ## - FUENTE DE CATALOGACIÓN |
| Agencia que crea de manera original el registro |
BPMSU |
| Idioma de catalogación |
spa |
| Agencia que realiza la transcripción |
BPMSU |
| 092 ## - LOCALLY ASSIGNED DEWEY DECIMAL CALL NUMBER |
| Número de clasificación |
372.257 |
| Número de ítem (Cutter) |
G934n 4to. 2004 |
| 100 1# - ASIENTO PRINCIPAL -- NOMBRE PERSONAL |
| Nombre personal |
Guerrero, Ángela |
| 245 1# - MENCIÓN DE TITULO |
| Título |
Naturaleza 4 : |
| Subtítulo |
educación básica / |
| Mención de responsabilidad |
Ángela Guerrero, Raquel Rodríguez ; dirección editorial Obdulia García de Escobar ; editora Claudia Llibre |
| 300 ## - DESCRIPCIÓN FÍSICA |
| Extensión |
3v. : |
| Otros detalles físicos |
il. retrs. |
| Dimensiones |
28 cm. |
| 490 ## - MENCIÓN DE SERIES |
| Mención de serie |
Ámbar |
| 505 ## - NOTA DE CONTENIDO |
| Título |
El universo -- |
| -- |
La luz -- |
| -- |
El sonido -- |
| -- |
Las formas de vida -- |
| -- |
Funciones de la vida -- |
| -- |
Los recursos naturales -- |
| -- |
Los ecosistemas -- |
| -- |
La agricultura. |
| 650 #4 - ENCABEZAMIENTO DE MATERIA--TEMÁTICO |
| Término temático o nombre geográfico como elemento de entrada |
CIENCIAS NATURALES |
| Subdivisión temática general |
ENSEÑANZA BÁSICA |
| 650 #4 - ENCABEZAMIENTO DE MATERIA--TEMÁTICO |
| Término temático o nombre geográfico como elemento de entrada |
CIENCIAS NATURALES |
| Subdivisión temática general |
ESTUDIOS Y EJERCICIOS |
| 650 #4 - ENCABEZAMIENTO DE MATERIA--TEMÁTICO |
| Término temático o nombre geográfico como elemento de entrada |
CIENCIAS NATURALES |
| Subdivisión temática general |
LIBROS DE TEXTOS |
| 650 #4 - ENCABEZAMIENTO DE MATERIA--TEMÁTICO |
| Término temático o nombre geográfico como elemento de entrada |
CIENCIAS NATURALES |
| Subdivisión temática general |
EDUCACIÓN PRIMARIA |
| 650 #4 - ENCABEZAMIENTO DE MATERIA--TEMÁTICO |
| Término temático o nombre geográfico como elemento de entrada |
EDUCACIÓN PRIMARIA |
| Subdivisión geográfica |
REPÚBLICA DOMINICANA |
| 700 12 - ASIENTO SECUNDARIO -- NOMBRE PERSONAL |
| Nombre personal |
Rodríguez, Raquel |
| 700 12 - ASIENTO SECUNDARIO -- NOMBRE PERSONAL |
| Nombre personal |
García de Escobar, Obdulia, |
| Mención de responsabilidad |
ed. |
| 700 12 - ASIENTO SECUNDARIO -- NOMBRE PERSONAL |
| Nombre personal |
Llibre, Claudia, |
| Mención de responsabilidad |
ed. |
| 830 #0 - ASIENTO SECUNDARIO DE SERIE--TÍTULO UNIFORME |
| Título uniforme |
Ámbar |
| 910 ## - VALIDACIÓN |
| Validación |
Validado. Control de calidad MFF |
| 942 ## - ADDED ENTRY ELEMENTS (KOHA) |
| Source of classification or shelving scheme |
Dewey Decimal Classification |
| Koha item type |
Libros |
| 945 ## - INFORMACIÓN DE PROCESAMIENTO LOCAL |
| Información de procesamiento local |
Remanejado para la BNPHU / 2018 VM |
| 956 ## - LOCAL ELECTRONIC LOCATION AND ACCESS (OCLC) |
| Nombre de host |
BTAVÁREZ |
| Número de acceso |
10 |
| Información de compresión |
20160429 |
| Trayectoria |
00280 |